| 000 | 02155nam0a22004091 4500 | ||
|---|---|---|---|
| 001 | RU\NLR\INFOCOMM_195\5000028686 | ||
| 005 | 20250613090846.0 | ||
| 035 | _a(NLR Aleph) 009083071 | ||
| 090 |
_a7994369 _c7994369 |
||
| 100 | _a20081204d1988 |||y0rusy50 ca | ||
| 101 | 1 |
_aeng _crus _drus |
|
| 102 | _aRU | ||
| 105 | _aa z 000zy | ||
| 181 | 0 |
_ai _baxxe |
|
| 182 | 0 | _an | |
| 200 | 1 |
_aAn axial ionization chamber for charge identification and energy spectroscopy of nuclear fragmentation products _fA. A. Kotov, W. Neubert, L. N. Andronenko [et al.] |
|
| 203 |
_aТекст _bвизуальный _cнепосредственный |
||
| 210 |
_aLeningrad _cЛИЯФ _d1988 |
||
| 215 |
_a27 с. _cил. _d20 |
||
| 225 | 1 |
_aPreprint _fAcademy of sciences of the USSR, Leningrad nuclear physics institute _v1362 |
|
| 300 | _aЗагл. и авт. ориг.: Аксиальная ионизационная камера для идентификации заряда и спектроскопии ядерных фрагментов / А. А. Котов [и др.] | ||
| 300 | _aРез. на рус. яз. | ||
| 320 | _aБиблиогр.: с. 13 | ||
| 454 | 0 |
_12001#$aАксиальная ионизационная камера для идентификации заряда и спектроскопии ядерных фрагментов$fА. А. Котов [и др.] _1700#1$aКотов$bА. А.$gАнатолий Алексеевич _tАксиальная ионизационная камера для идентификации заряда и спектроскопии ядерных фрагментов _aКотов, Анатолий Алексеевич |
|
| 606 |
_aИонизационные камеры _2nlr_sh1 |
||
| 606 |
_aАтомное ядро _xСпектроскопия _2nlr_sh1 |
||
| 686 |
_aВ381.51 _2rubbk |
||
| 686 |
_aВ383 _2rubbk |
||
| 701 | 1 |
_aKotov _bA. A. _gAnatolij Alekseevič |
|
| 701 | 1 |
_aNeubert _bW. |
|
| 701 | 1 |
_aAndronenko _bL. N. _gLjudmila Nikolaevna |
|
| 801 | 1 |
_aRU _bNLR _c20081204 |
|
| 801 | 0 |
_aRU _bNLR _gPSBO |
|
| 852 |
_aNLR _jФз01 Д-4/4906 |
||
| 942 | _cBOOK | ||
| 980 | _aNB | ||